[Event "Andalucia-chB"]
[Site "Algeciras"]
[Date "2018.05.19"]
[Round "4"]
[White "Ruberte De la Higuera, Cristina"]
[Black "Montero Melendez, Juan"]
[Result "1-0"]
[WhiteElo "1276"]
[BlackElo "1621"]
[PlyCount "93"]
[EventDate "2018.05.18"]
[EventType "swiss"]
[EventRounds "6"]
[EventCountry "ESP"]
[SourceTitle "EXT 2020"]
[Source "ChessBase"]
[SourceDate "2019.10.17"]
[SourceVersion "1"]
[SourceVersionDate "2019.10.17"]
[SourceQuality "1"]

1. d4 f5 2. c4 g6 3. Nc3 Nf6 4. Bg5 Bg7 5. e3 0-0 6. Bd3 h6 7. Bh4 Qe8 8. Bxf6 Bxf6 9. Nd5 Qd8 10. Nf3 Bg7 11. 0-0 e6 12. Nc3 b6 13. Qb3 Bb7 14. e4 Kh7 15. d5 fxe4 16. Bxe4 exd5 17. Nxd5 Bc6 18. Qc2 Qe8 19. Rfe1 Qd8 20. Bxg6+ Kh8 21. Ne5 Bxd5 22. cxd5 Qf6 23. Bd3 d6 24. Ng6+ Kg8 25. Nxf8 Qxf8 26. Bg6 Nd7 27. Re2 Ne5 28. Rae1 Qf6 29. Qf5 Qxg6 30. Rxe5 Qxf5 31. Rxf5 Rf8 32. Rxf8+ Kxf8 33. b3 Bd4 34. Re6 Bg7 35. f4 Kf7 36. f5 h5 37. Kf2 Be5 38. h3 h4 39. Kf3 a5 40. Kg4 Bg3 41. Kg5 b5 42. a4 bxa4 43. bxa4 Bf2 44. f6 Bg3 45. Re7+ Kf8 46. Kg6 Be5 47. Rxc7 1-0

[Event "Andalucia-chB"]
[Site "Roquetas de Mar"]
[Date "2017.05.20"]
[Round "3"]
[White "Ruberte De la Higuera, Cristina"]
[Black "Jimenez Tejada, Juan Jose"]
[Result "1/2-1/2"]
[WhiteElo "1206"]
[BlackElo "1439"]
[PlyCount "99"]
[EventDate "2017.05.19"]
[EventType "swiss"]
[EventRounds "6"]
[EventCountry "ESP"]
[SourceTitle "EXT 2020"]
[Source "ChessBase"]
[SourceDate "2019.10.17"]
[SourceVersion "1"]
[SourceVersionDate "2019.10.17"]
[SourceQuality "1"]

1. d4 Nf6 2. Nf3 g6 3. Bg5 Bg7 4. e3 0-0 5. Bd3 d5 6. 0-0 Nbd7 7. c4 c5 8. Nc3 cxd4 9. Nxd4 dxc4 10. Bxc4 Ne5 11. Be2 Bg4 12. Bxf6 Bxe2 13. Bxe7 Qxe7 14. Qxe2 Rfd8 15. Rad1 Rdc8 16. Ndb5 Rc6 17. Rd5 a6 18. Nd4 Rd6 19. Rxd6 Qxd6 20. Nf3 Qc7 21. Nxe5 Bxe5 22. Nd5 Qa5 23. Qc4 Re8 24. b4 Qa4 25. Nb6 Qa3 26. Rd1 Bc3 27. Rb1 Re6 28. Nd5 Be5 29. Qb3 Qxb3 30. Rxb3 b5 31. g3 Kg7 32. Kg2 Rc6 33. Nf4 Rc2 34. a3 Bb2 35. Nd3 Bf6 36. Kf3 h5 37. h3 g5 38. Ke4 Rc4+ 39. Kf3 g4+ 40. Kg2 Rc2 41. h4 Kg6 42. Nf4+ Kh6 43. Rd3 Be5 44. Rd8 Rc6 45. Rd5 f6 46. Rd8 f5 47. Rd5 Bxf4 48. gxf4 Kg6 49. Kg3 Re6 50. Rd3 1/2-1/2